[Event "Paracin Open 2020"]
[Site "Paracin"]
[Date "2020.07.03"]
[Round "1.1"]
[White "Basso, Pier Luigi"]
[Black "Celik, Hasan Huseyin"]
[Result "1-0"]
[WhiteElo "2596"]
[BlackElo "1964"]
[Annotator "TA"]
[PlyCount "61"]
[EventDate "2020.07.03"]
[EventType "swiss"]
[EventCountry "SRB"]
[SourceTitle "playchess.com"]
[Source "ChessBase"]
[SourceQuality "1"]

{[%evp 28,61,15,8,29,32,72,35,104,96,123,125,253,242,234,243,214,160,280,283,278,283,271,271,256,258,873,876,896,921,741,738,1519,1334,2427,2254]} 1. d4 d5 2. c4 c6 3. Nf3 e6 4. Nc3 dxc4 5. e3 b5 6. a4 Bb4 7. Bd2 a5 8. axb5 Bxc3 9. Bxc3 cxb5 10. b3 Bb7 11. bxc4 b4 12. Bb2 Nf6 13. Bd3 O-O 14. O-O Nbd7 15. Nd2 Re8 {D31: Queen's Gambit Declined: Semi-Slav without ...Nf6 (+ Marshall Gambit and Noteboom) and Exchange Variation lines without ...Nf6.} 16. Bc2 e5 17. Ba4 exd4 (17... Qc7 $14) 18. exd4 $16 {[#]} Ne4 $146 ({Predecessor:} 18... Re7 19. d5 Ne5 20. Qb3 Nfd7 21. Qg3 Ra6 22. Bc2 f6 23. Rfe1 Qe8 24. Ba4 Ng6 {1-0 (34) Sorm,D (2353)-McLaren,B (2167) Acqui Terme 2015}) 19. Re1 Qc7 {[#]} (19... h6 $16 20. Nxe4 Rxe4) 20. Nxe4 $1 $18 Rxe4 21. Rxe4 Bxe4 22. Qe2 Bb7 {[#]} (22... Nf6 $16 {was necessary.} 23. d5 Bf5) 23. Qe7 $1 {[%cal Re7d7]} Bc6 24. Bxc6 Qxc6 {[#]} 25. Rxa5 $1 {[%mdl 512]} Rc8 (25... Rxa5 26. Qe8+) 26. h3 {aiming for Ra7.} Nb6 $2 (26... Qe6 27. Qxb4 h6) 27. Rc5 {White is clearly winning.} Qe8 28. Rxc8 Qxc8 29. c5 {[%cal Bc4c5,Bc5c6][%mdl 32]} Na4 {[#]} 30. c6 $1 {[%mdl 512]} Qf8 (30... Qxc6 31. Qd8+) 31. Qb7 {Black got outplayed after the opening. Accuracy: White = 94%, Black = 23%.} 1-0

[Event "Paracin Open 2020"]
[Site "Paracin"]
[Date "2020.07.03"]
[Round "1.2"]
[White "Zlatkov, Anton"]
[Black "Ernst, Sipke"]
[Result "0-1"]
[WhiteElo "1948"]
[BlackElo "2540"]
[Annotator "TA"]
[PlyCount "94"]
[EventDate "2020.07.03"]
[EventType "swiss"]
[EventCountry "SRB"]
[SourceTitle "playchess.com"]
[Source "ChessBase"]
[SourceQuality "1"]

{[%evp 12,94,47,36,46,52,34,35,65,39,41,37,38,10,25,13,15,0,11,-43,-37,-54,-48,-54,-51,-54,-54,-59,-49,-51,-54,-109,-60,-87,-84,-118,-121,-138,-126,-277,-264,-320,-170,-170,-170,-163,-147,-143,-152,-196,-196,-201,-204,-196,-196,-244,-242,-235,-231,-308,-296,-378,-264,-420,-411,-406,-407,-475,-475,-510,-475,-545,-523,-536,-521,-597,-603,-601,-597,-604,-589,-817,-785,-756,-719]} 1. e4 c5 2. c3 Nf6 3. e5 Nd5 4. d4 e6 5. Nf3 cxd4 6. cxd4 Qc7 7. Bd3 b6 {B22: Sicilian: 2 c3.} 8. O-O Ba6 9. a3 h6 {White is slightly better.} 10. Bxa6 Nxa6 {[#]} 11. Qd3 $146 ({Predecessor:} 11. Nbd2 Be7 12. Ne4 Rc8 13. Bd2 O-O 14. Rc1 Qb7 15. Qe2 Nb8 16. Qd3 Rxc1 17. Rxc1 {1-0 (52) Orak,L (2355)-Orenda,O (2174) Pula 1999}) 11... Qb7 12. Be3 Be7 13. Nc3 Nac7 14. Nd2 O-O 15. Nc4 (15. Nde4 $11) 15... Nxc3 $15 16. bxc3 Qa6 17. Nb2 Qxd3 18. Nxd3 Nb5 19. c4 Nxa3 20. Rfc1 Rfc8 21. Nb2 (21. c5 $15 bxc5 22. dxc5) 21... Bb4 22. Nd3 a5 23. c5 bxc5 24. Nxc5 Nb5 25. Nxd7 $2 {[#] White does not recover from this.} (25. Kf1 $17) 25... Rxc1+ $1 $19 26. Rxc1 Rd8 (26... a4 $142 {Hoping for ...a3.} 27. Ra1 a3) 27. Nb6 Nxd4 {Strongly threatening ...Ne2+.} 28. Kf1 Nb5 29. Ra1 Nc3 30. Na4 Nxa4 31. Rxa4 {[%mdl 4096] Endgame KRB-KRB} g5 32. h4 gxh4 33. Ke2 Kh7 34. Ra1 Ra8 35. Rh1 Be7 36. g3 hxg3 37. fxg3 (37. Rxh6+ {was the only defense.} Kg7 38. fxg3) 37... Bf8 38. Rf1 Kg8 39. Bd4 a4 {[%cal Ba5a4,Ba4a3][%mdl 32] Black is clearly winning.} 40. Kd3 a3 41. Ra1 Be7 42. Ra2 Kg7 43. Be3 h5 44. Bd4 Kg6 45. Rf2 Rb8 46. Ke4 Rb4 {[#] Threatens to win with ...Bc5!} 47. Kd3 Rb3+ {Accuracy: White = 40%, Black = 84%.} 0-1

[Event "Paracin Open 2020"]
[Site "Paracin"]
[Date "2020.07.03"]
[Round "1.3"]
[White "Mendonca, Leon Luke"]
[Black "Ratkovic, Petar"]
[Result "1-0"]
[WhiteElo "2470"]
[BlackElo "1944"]
[Annotator "ChessBase"]
[PlyCount "49"]
[EventDate "2020.07.03"]
[EventType "swiss"]
[EventCountry "SRB"]
[SourceTitle "playchess.com"]
[Source "ChessBase"]
[SourceQuality "1"]
[TimeControl "5400+30"]

1. Nf3 {[%emt 0:00:20]} d5 {[%emt 0:00:00]} 2. b3 {[%emt 0:00:17]} Nf6 {[%emt 0:00:34]} 3. Bb2 {[%emt 0:00:31]} e6 {[%emt 0:00:44]} 4. g3 {[%emt 0:00:47]} Be7 {[%emt 0:00:29]} 5. Bg2 {[%emt 0:00:05]} O-O {[%emt 0:01:48]} 6. O-O {[%emt 0:00:26]} b6 {[%emt 0:01:31]} 7. c4 {[%emt 0:00:28]} Bb7 {[%emt 0:00:49]} 8. cxd5 {[%emt 0:00:46]} exd5 {[%emt 0:01:06]} 9. d4 {[%emt 0:00:27]} c5 {[%emt 0:02:53]} 10. Nc3 {[%emt 0:01:59]} Nbd7 {[%emt 0:04:47]} 11. e3 {[%emt 0:02:28]} Rc8 {[%emt 0:08:16]} 12. Qe2 {[%emt 0:02:31]} Qc7 {[%emt 0:03:40]} 13. Rfd1 {[%emt 0:04:43]} Rfd8 {[%emt 0:01:31]} 14. Rac1 {[%emt 0:02:35]} Qb8 {[%emt 0:03:30]} 15. dxc5 {[%emt 0:11:43]} bxc5 {[%emt 0:01:31]} 16. Nh4 {[%emt 0:02:57]} Qa8 {[%emt 0:08:26]} 17. Nf5 {[%emt 0:07:09]} Bf8 {[%emt 0:00:31]} 18. Nxd5 {[%emt 0:02:59]} Nxd5 {[%emt 0:25:11]} 19. Nh6+ {[%emt 0:00:18]} Kh8 {[%emt 0:00:09]} 20. Qg4 {[%emt 0:04:04]} Re8 {[%emt 0:17:08]} 21. Nxf7+ {[%emt 0:01:54]} Kg8 {[%emt 0:00:08]} 22. Nd6 {[%emt 0:12:15]} Ne5 {[%emt 0:07:18]} 23. Bxe5 {[%emt 0:00:30]} Rxe5 {[%emt 0:00:29]} 24. Nxb7 {[%emt 0:00:08]} Rc7 {[%emt 0:04:46]} 25. Rxd5 {[%emt 0:00:26]} 1-0

[Event "Paracin Open 2020"]
[Site "Paracin"]
[Date "2020.07.03"]
[Round "1.4"]
[White "Marjanovic, Rastko"]
[Black "Cabarkapa, Novak"]
[Result "0-1"]
[WhiteElo "1932"]
[BlackElo "2459"]
[Annotator "TA"]
[PlyCount "94"]
[EventDate "2020.07.03"]
[EventType "swiss"]
[EventCountry "SRB"]
[SourceTitle "playchess.com"]
[Source "ChessBase"]
[SourceQuality "1"]

{[%evp 13,94,-14,-3,-41,0,0,12,-10,-14,-37,-45,-47,31,-20,-22,-27,-31,-29,-35,-63,-38,-114,-116,-151,-59,-109,-107,-111,-78,-78,-42,-117,-107,-127,-123,-126,-62,-115,-122,-118,-98,-119,-52,-45,-52,-52,-32,-53,-44,-64,-10,0,10,-25,4,-204,-189,-300,-319,-298,-326,-664,-663,-663,-652,-741,-720,-699,-697,-1031,-1031,-1049,-1032,-1044,-1041,-1022,-1019,-5365,-5357,-5314,-5302,-29996,-29997]} 1. Nf3 Nf6 2. g3 g6 3. Bg2 Bg7 4. O-O O-O 5. d3 d5 6. c4 c6 7. Nbd2 Re8 8. Qc2 {A07: Réti Opening: New York and Capablanca Systems.} Na6 (8... e5 $15) 9. a3 $11 e5 10. e4 {The position is equal.} dxe4 11. dxe4 Nc5 12. b4 Nd3 {[#]} (12... Qd3 $15 13. Ne1 Qxc2 14. Nxc2 Nd3) 13. Bb2 $146 (13. c5 $14) ({Predecessor:} 13. c5 Nxc1 14. Raxc1 Qc7 15. Nc4 Bg4 16. Nd6 Re7 17. Nd2 b5 18. a4 a6 19. Ra1 {½-½ (43) Eibl,M (2172)-Uphoff,L (2067) Bad Koetzting 2018}) 13... Nxb2 14. Qxb2 b6 15. Rfd1 Qe7 16. Qc2 Bf8 17. Nb1 ({White should try} 17. c5 $15) 17... a5 $17 18. b5 Qc5 ({Black should play} 18... cxb5 $17 {Strongly threatening ...Qc5.} 19. cxb5 Bb7) 19. Qe2 Be6 20. Nbd2 a4 21. bxc6 Ra5 22. Rdb1 (22. Ne1 $15) 22... Qxc6 23. Ne1 Rd8 24. Nc2 Bg4 (24... Qd7 $17 25. Nf1 Qd3 26. Qxd3 Rxd3) 25. f3 (25. Qe1 $15) 25... Be6 26. Ne3 Bc5 27. Kh1 {[#]} Qd6 ({Better is} 27... Bxe3 $1 $17 28. Qxe3 Nd7) 28. Nd5 $1 $15 {[%cal Rd5f6]} Nh5 ({But not} 28... Bxd5 $6 29. cxd5 Qe7 30. Nc4 $14) 29. Nf1 Kh8 30. Rd1 Qf8 $36 {[%mdl 2048] Black fights for an advantage.} ({Wrong is} 30... Bxa3 $2 31. Nc3 $18) 31. Rd3 Bd4 (31... b5 $15 32. cxb5 Rxb5) 32. Rb1 $11 Rc5 33. Rdd1 b5 (33... Rdc8 {keeps more tension.} 34. Rb4 b5 35. cxb5 Rc2 36. Qd3 Bxd5 37. exd5 R8c3) 34. Rb4 $2 {Now White is beyond hope.} (34. cxb5 $11 f5 35. b6) 34... bxc4 $19 ({Not} 34... Bxd5 35. cxd5 Kg8 36. Bh3 $15) 35. Rxc4 (35. f4 $142) 35... Rxc4 36. Qxc4 Qxa3 37. Rxd4 $2 (37. g4 Ng7 38. Qa6) 37... exd4 38. Qxd4+ Ng7 39. Qb6 Qd6 {...Qxb6 is the strong threat.} 40. Qa5 Bxd5 41. exd5 a3 42. Ne3 Rc8 43. Bf1 Qc5 44. Qa6 Re8 45. Nc4 {[#]} Qf2 $1 {[%cal Rf2f1][%mdl 64] Double Attack} 46. Nxa3 {[#]} Re1 $1 47. Qa8+ Ne8 {Accuracy: White = 41%, Black = 69%.} 0-1

[Event "Paracin Open 2020"]
[Site "Paracin"]
[Date "2020.07.03"]
[Round "1.5"]
[White "Ratkovic, Miloje"]
[Black "Mijajlovic, Jovan"]
[Result "1-0"]
[WhiteElo "2456"]
[BlackElo "1910"]
[Annotator "ChessBase"]
[PlyCount "93"]
[EventDate "2020.07.03"]
[EventType "swiss"]
[EventCountry "SRB"]
[SourceTitle "playchess.com"]
[Source "ChessBase"]
[SourceQuality "1"]
[TimeControl "5400+30"]

1. d4 {[%emt 0:00:15]} Nf6 {[%emt 0:00:00]} 2. c4 {[%emt 0:00:13]} b6 {[%emt 0:00:00]} 3. Nc3 {[%emt 0:00:14]} Bb7 {[%emt 0:00:00]} 4. Nf3 {[%emt 0:00:07]} e6 {[%emt 0:00:07]} 5. a3 {[%emt 0:00:05]} Be7 {[%emt 0:00:09]} 6. d5 {[%emt 0:00:07]} exd5 {[%emt 0:08:14]} 7. cxd5 {[%emt 0:00:07]} O-O {[%emt 0:00:06]} 8. e4 {[%emt 0:00:04]} Re8 {[%emt 0:02:19]} 9. Bd3 {[%emt 0:00:43]} d6 {[%emt 0:09:10]} 10. O-O {[%emt 0:00:29]} Nbd7 {[%emt 0:09:53]} 11. Nd4 {[%emt 0:00:17]} Bf8 {[%emt 0:04:04]} 12. Nf5 {[%emt 0:03:27]} c6 {[%emt 0:08:51]} 13. dxc6 {[%emt 0:08:09]} Bxc6 {[%emt 0:00:07]} 14. Re1 {[%emt 0:00:52]} Nc5 {[%emt 0:11:31]} 15. Bg5 {[%emt 0:02:30]} h6 {[%emt 0:00:53]} 16. Nd4 {[%emt 0:03:33]} Bb7 {[%emt 0:04:39]} 17. Bh4 {[%emt 0:07:49]} g5 {[%emt 0:03:18]} 18. Bg3 {[%emt 0:00:06]} Ncxe4 {[%emt 0:02:05]} 19. Nxe4 {[%emt 0:01:49]} Bxe4 {[%emt 0:03:41]} 20. Bb5 {[%emt 0:04:47]} Re7 {[%emt 0:06:19]} 21. Qd2 {[%emt 0:00:27]} a6 {[%emt 0:01:14]} 22. Bc4 {[%emt 0:03:03]} Rc7 {[%emt 0:08:18]} 23. Bd3 {[%emt 0:02:03]} Bxd3 {[%emt 0:02:12]} 24. Qxd3 {[%emt 0:00:05]} Nh5 {[%emt 0:00:20]} 25. Nf5 {[%emt 0:01:11]} Qf6 {[%emt 0:00:57]} 26. Ne3 {[%emt 0:14:07]} Qg6 {[%emt 0:03:15]} 27. Qxg6+ {[%emt 0:01:59]} fxg6 {[%emt 0:00:01]} 28. Nd5 {[%emt 0:00:01]} Rc2 {[%emt 0:00:30]} 29. Nxb6 {[%emt 0:01:31]} Rd8 {[%emt 0:04:43]} 30. b4 {[%emt 0:02:40]} Nxg3 {[%emt 0:00:33]} 31. hxg3 {[%emt 0:00:07]} d5 {[%emt 0:00:28]} 32. Rad1 {[%emt 0:02:28]} d4 {[%emt 0:00:18]} 33. Rd3 {[%emt 0:00:17]} Bg7 {[%emt 0:02:26]} 34. Kf1 {[%emt 0:05:04]} Kf7 {[%emt 0:01:58]} 35. Na4 {[%emt 0:00:53]} Re8 {[%emt 0:00:52]} 36. Rf3+ {[%emt 0:00:28]} Bf6 {[%emt 0:00:04]} 37. Rxf6+ {[%emt 0:00:53]} Kxf6 {[%emt 0:00:06]} 38. Rxe8 {[%emt 0:00:06]} d3 {[%emt 0:00:40]} 39. Ke1 {[%emt 0:00:30]} Ra2 {[%emt 0:00:06]} 40. Nc5 {[%emt 0:00:26]} Kf7 {[%emt 0:00:05]} 41. Rd8 {[%emt 0:01:17]} Ra1+ {[%emt 0:00:13]} 42. Kd2 {[%emt 0:00:06]} Ra2+ {[%emt 0:00:03]} 43. Kxd3 {[%emt 0:00:50]} Rxf2 {[%emt 0:00:07]} 44. Rd7+ {[%emt 0:00:40]} Ke8 {[%emt 0:00:22]} 45. Rd6 {[%emt 0:00:14]} Rxg2 {[%emt 0:00:05]} 46. Ne4 {[%emt 0:00:05]} h5 {[%emt 0:00:14]} 47. Rxg6 {[%emt 0:00:12]} 1-0

[Event "Paracin Open 2020"]
[Site "Paracin"]
[Date "2020.07.03"]
[Round "1.6"]
[White "Milic, Slobodan"]
[Black "Stankovic, Milos"]
[Result "0-1"]
[WhiteElo "1910"]
[BlackElo "2454"]
[Annotator "ChessBase"]
[PlyCount "54"]
[EventDate "2020.07.03"]
[EventType "swiss"]
[EventCountry "SRB"]
[SourceTitle "playchess.com"]
[Source "ChessBase"]
[SourceQuality "1"]
[TimeControl "5400+30"]

1. e4 c5 2. Nf3 d6 3. Bb5+ Nd7 4. c3 Ngf6 5. d3 a6 6. Ba4 e6 7. O-O Be7 8. Re1 O-O 9. Nbd2 b5 10. Bc2 Bb7 11. d4 cxd4 12. cxd4 e5 13. Nf1 Re8 14. Ng3 Rc8 15. Bb3 exd4 16. Ng5 Ne5 17. f4 Nc4 18. Kh1 h6 19. Nf3 d5 20. e5 Ne4 21. Nxe4 dxe4 22. Nxd4 Bb4 23. Rf1 Qb6 24. Nf5 Qg6 25. Nh4 Qe6 26. Qe2 Be7 27. Qf2 Qg4 0-1

[Event "Paracin Open 2020"]
[Site "Paracin"]
[Date "2020.07.03"]
[Round "1.7"]
[White "Ratkovic, Milovan"]
[Black "Slavic, Nikola"]
[Result "1-0"]
[WhiteElo "2435"]
[BlackElo "1907"]
[Annotator "ChessBase"]
[PlyCount "79"]
[EventDate "2020.07.03"]
[EventType "swiss"]
[EventCountry "SRB"]
[SourceTitle "playchess.com"]
[Source "ChessBase"]
[SourceQuality "1"]
[TimeControl "5400+30"]

1. d4 {[%emt 0:00:00]} Nf6 {[%emt 0:00:00]} 2. Bf4 {[%emt 0:00:00]} e6 {[%emt 0:00:00]} 3. e3 {[%emt 0:00:01]} d5 {[%emt 0:00:55]} 4. Nf3 {[%emt 0:00:38]} Be7 {[%emt 0:04:02]} 5. Bd3 {[%emt 0:00:58]} Nbd7 {[%emt 0:00:45]} 6. Nbd2 {[%emt 0:01:20]} Nh5 {[%emt 0:06:22]} 7. Qe2 {[%emt 0:00:44]} Nxf4 {[%emt 0:01:19]} 8. exf4 {[%emt 0:00:08]} g6 {[%emt 0:13:29]} 9. c3 {[%emt 0:00:58]} a5 {[%emt 0:03:31]} 10. O-O {[%emt 0:00:48]} O-O {[%emt 0:00:20]} 11. Rfe1 {[%emt 0:03:07]} Bf6 {[%emt 0:02:09]} 12. Nf1 {[%emt 0:01:59]} c5 {[%emt 0:04:02]} 13. Ne3 {[%emt 0:01:59]} c4 {[%emt 0:03:48]} 14. Bc2 {[%emt 0:00:40]} b5 {[%emt 0:00:34]} 15. g4 {[%emt 0:10:11]} Bb7 {[%emt 0:02:39]} 16. g5 {[%emt 0:04:15]} Bg7 {[%emt 0:00:15]} 17. Ng4 {[%emt 0:00:50]} Qc7 {[%emt 0:02:58]} 18. Qe3 {[%emt 0:07:59]} Rae8 {[%emt 0:04:50]} 19. Nfe5 {[%emt 0:08:20]} f5 {[%emt 0:16:54]} 20. Nxd7 {[%emt 0:01:18]} Qxd7 {[%emt 0:00:04]} 21. Ne5 {[%emt 0:00:33]} Qc7 {[%emt 0:00:48]} 22. Qg3 {[%emt 0:03:23]} Bxe5 {[%emt 0:05:30]} 23. Rxe5 {[%emt 0:01:07]} Qf7 {[%emt 0:04:55]} 24. h4 {[%emt 0:01:45]} Bc6 {[%emt 0:00:13]} 25. Kg2 {[%emt 0:01:51]} Kg7 {[%emt 0:02:05]} 26. h5 {[%emt 0:02:09]} Rh8 {[%emt 0:00:27]} 27. Rh1 {[%emt 0:02:50]} Qd7 {[%emt 0:05:10]} 28. Ree1 {[%emt 0:01:58]} Qd6 {[%emt 0:01:26]} 29. Rh4 {[%emt 0:00:58]} b4 {[%emt 0:00:30]} 30. Reh1 {[%emt 0:00:59]} Qb8 {[%emt 0:00:34]} 31. Qh2 {[%emt 0:03:43]} h6 {[%emt 0:09:36]} 32. hxg6 {[%emt 0:14:09]} h5 {[%emt 0:00:07]} 33. Qg3 {[%emt 0:00:13]} Kxg6 {[%emt 0:02:33]} 34. Qf3 {[%emt 0:04:36]} Rh7 {[%emt 0:01:23]} 35. Rxh5 {[%emt 0:00:23]} Reh8 {[%emt 0:00:09]} 36. Rxh7 {[%emt 0:00:26]} Rxh7 {[%emt 0:00:01]} 37. Rxh7 {[%emt 0:00:21]} Kxh7 {[%emt 0:00:02]} 38. Qh5+ {[%emt 0:00:12]} Kg7 {[%emt 0:01:41]} 39. Qh6+ {[%emt 0:00:07]} Kg8 {[%emt 0:00:17]} 40. Qxe6+ {[%emt 0:00:10]} 1-0

[Event "Paracin Open 2020"]
[Site "Paracin"]
[Date "2020.07.03"]
[Round "1.8"]
[White "Popovic, Mladen D"]
[Black "Kosic, Dragan"]
[Result "0-1"]
[WhiteElo "1906"]
[BlackElo "2429"]
[Annotator "ChessBase"]
[PlyCount "56"]
[EventDate "2020.07.03"]
[EventType "swiss"]
[EventCountry "SRB"]
[SourceTitle "playchess.com"]
[Source "ChessBase"]
[SourceQuality "1"]
[TimeControl "5400+30"]

1. e4 e6 2. d4 d5 3. Nc3 Nf6 4. Bg5 dxe4 5. Nxe4 Be7 6. Bxf6 gxf6 7. Nf3 a6 8. Qd2 b5 9. c4 Bb7 10. Nc5 Bxf3 11. gxf3 Nc6 12. O-O-O Qxd4 13. Qxd4 Nxd4 14. Nxa6 Rxa6 15. Rxd4 Rxa2 16. cxb5 Bc5 17. Rd2 Ra1+ 18. Kc2 Ke7 19. Rd1 Rxd1 20. Kxd1 Bxf2 21. Bd3 f5 22. Ke2 Bb6 23. f4 Rg8 24. Kf3 Rd8 25. Rd1 Rd4 26. b3 Bc5 27. Bc2 Rb4 28. Re1 Bd6 0-1

[Event "Paracin Open 2020"]
[Site "Paracin"]
[Date "2020.07.03"]
[Round "1.9"]
[White "Radovanovic, Nikola"]
[Black "Kisic, Jovan"]
[Result "1-0"]
[WhiteElo "2389"]
[BlackElo "1903"]
[Annotator "TA"]
[PlyCount "88"]
[EventDate "2020.07.03"]
[EventType "swiss"]
[EventCountry "SRB"]
[SourceTitle "playchess.com"]
[Source "ChessBase"]
[SourceQuality "1"]

{[%evp 9,88,41,73,62,73,70,79,86,123,83,95,99,94,73,93,97,101,99,115,117,112,38,83,74,83,66,77,47,43,25,39,28,51,45,52,45,105,101,107,84,190,177,179,163,245,183,204,206,206,212,202,210,209,208,648,781,812,791,783,774,758,673,802,1355,1287,1081,1154,1087,743,0,0,0,0,-29975,204,203,195,181,29980,29981,645]} 1. d4 Nf6 2. c4 c5 3. d5 b5 4. Qc2 d6 5. e4 g6 6. cxb5 {A57: Benko/Volga Gambit.} Bg7 7. Nc3 O-O 8. Nf3 {White is better.} Nbd7 9. h3 a6 10. a4 Ne8 11. Ra3 Nc7 12. Be2 axb5 13. axb5 Bb7 14. O-O Nb6 {[#]} 15. Bd2 $146 (15. Rd1 $16) ({Predecessor:} 15. Bg5 f5 16. Rxa8 Bxa8 17. exf5 Rxf5 18. Bd3 Rf7 19. Be4 Ncxd5 20. Nxd5 Bxd5 21. Bxd5 Nxd5 {½-½ (28) Sarosi,Z (2362)-Rat,D (2304) Hungary 2009}) 15... Qd7 16. Rfa1 e6 17. dxe6 Nxe6 18. Na4 Nxa4 19. Rxa4 d5 20. exd5 Bxd5 21. Bc3 Rxa4 22. Qxa4 Qc7 ({Black should try} 22... Ra8 $14 23. Qxa8+ Bxa8 24. Rxa8+ Nf8) 23. Bxg7 $16 Kxg7 24. Qa3 Nf4 (24... Kg8 $16) 25. Bf1 $18 Re8 26. Rc1 Qb7 (26... Qb6 {is a better defense.} 27. Rxc5 (27. Qxc5 Qf6 $14) 27... Nxh3+ 28. gxh3 Bxf3 29. Qc3+ Qf6) 27. Rxc5 Nxh3+ 28. gxh3 Bxf3 29. Qc3+ Kg8 30. Rc7 $1 {[%cal Rc7b7]} Qd5 31. Qf6 $40 {[%mdl 128] Threatens to win with b6. White has strong attack.} Be4 $2 (31... Qf5 32. Rxf7 Qxf6 33. Rxf6 Be2) 32. Bc4 Qd1+ 33. Kh2 Qh1+ 34. Kg3 Qg2+ 35. Kh4 Bd5 36. Bxd5 $1 Qxd5 {[%mdl 4096] Endgame KQR-KQR} 37. b6 $1 Qb3 38. b7 h6 39. Rc8 $2 (39. Qc3 $18 Qb5 40. Kg3 Qg5+ 41. Kh2 Qf4+ 42. Kg1 Qg5+ 43. Qg3) 39... g5+ $11 40. Kg4 Qd1+ 41. Qf3 $2 {[%mdl 8192] [#]} (41. f3 $11 Qd7+ {[%mdl 64] Double Attack} 42. Kg3 (42. Qf5 Qd4+ {[%mdl 64] Double Attack} 43. Qe4 Qd7+ {[%mdl 64] Double Attack} 44. Qf5 Qd4+ {[%mdl 64] Double Attack} 45. Qe4 Qd7+ {[%mdl 64] Double Attack} 46. Qf5 $11) 42... Rxc8 43. bxc8=N Qxc8 44. f4) 41... h5+ $4 {[%mdl 8192]} (41... f5+ $1 {[%mdl 512] mates} 42. Kh5 (42. Kxf5 Qxf3+) 42... Qxf3+ 43. Kg6 Qe4 44. Rxe8+ Qxe8+ 45. Kxh6 g4 46. hxg4 Qb8 47. Kg5 fxg4 48. Kf5 Qxb7 49. Kxg4 Qxb2 50. Kf3 Qe5 51. Kg4 Kg7 52. Kh3 Kf6 53. Kg4 Kg6 54. Kh3 Kf5 55. f4 Kxf4 56. Kh2 Qe2+ 57. Kg1 Kg3 58. Kh1 Qh2#) 42. Kxg5 $18 Qxf3 43. Rxe8+ Kg7 $2 (43... Kh7 $18 44. b8=Q f6+ 45. Kh4 Qxf2+ 46. Qg3 Qd4+ 47. Kxh5 Qd5+ 48. Re5 (48. Kh4 Qd4+ 49. Kh5 Qd5+ 50. Re5 fxe5 $16) 48... fxe5) 44. b8=Q f6+ {Accuracy: White = 78%, Black = 55%.} 1-0

[Event "Paracin Open 2020"]
[Site "Paracin"]
[Date "2020.07.03"]
[Round "1.10"]
[White "Radojkovic, Stefan"]
[Black "Martic, Ivan"]
[Result "0-1"]
[WhiteElo "1898"]
[BlackElo "2386"]
[Annotator "ChessBase"]
[PlyCount "66"]
[EventDate "2020.07.03"]
[EventType "swiss"]
[EventCountry "SRB"]
[SourceTitle "playchess.com"]
[Source "ChessBase"]
[SourceQuality "1"]
[TimeControl "5400+30"]

1. Nf3 {[%emt 0:00:00]} Nf6 {[%emt 0:00:00]} 2. c4 {[%emt 0:00:07]} g6 {[%emt 0:00:10]} 3. b3 {[%emt 0:01:38]} Bg7 {[%emt 0:00:12]} 4. Bb2 {[%emt 0:00:07]} O-O {[%emt 0:00:09]} 5. e3 {[%emt 0:02:26]} d6 {[%emt 0:00:33]} 6. d3 {[%emt 0:06:15]} e5 {[%emt 0:04:26]} 7. Nbd2 {[%emt 0:00:35]} c5 {[%emt 0:04:37]} 8. Be2 {[%emt 0:02:33]} Nc6 {[%emt 0:00:15]} 9. a3 {[%emt 0:04:25]} Ne8 {[%emt 0:04:07]} 10. Qc2 {[%emt 0:06:10]} f5 {[%emt 0:00:26]} 11. O-O {[%emt 0:11:54]} g5 {[%emt 0:00:44]} 12. Rfc1 {[%emt 0:01:48]} g4 {[%emt 0:00:40]} 13. Ne1 {[%emt 0:00:08]} f4 {[%emt 0:09:25]} 14. exf4 {[%emt 0:10:05]} exf4 {[%emt 0:00:58]} 15. Bxg7 {[%emt 0:00:29]} Nxg7 {[%emt 0:01:27]} 16. Qd1 {[%emt 0:00:49]} h5 {[%emt 0:07:35]} 17. Nc2 {[%emt 0:05:38]} Bf5 {[%emt 0:01:43]} 18. Ne4 {[%emt 0:03:28]} Ne6 {[%emt 0:03:19]} 19. f3 {[%emt 0:04:52]} g3 {[%emt 0:08:03]} 20. hxg3 {[%emt 0:02:03]} fxg3 {[%emt 0:00:13]} 21. Nxg3 {[%emt 0:03:24]} Qg5 {[%emt 0:03:10]} 22. Ne4 {[%emt 0:09:56]} Bxe4 {[%emt 0:05:02]} 23. dxe4 {[%emt 0:02:18]} Nf4 {[%emt 0:00:23]} 24. Bf1 {[%emt 0:01:57]} Qg3 {[%emt 0:06:09]} 25. Kh1 {[%emt 0:02:35]} Qh4+ {[%emt 0:01:28]} 26. Kg1 {[%emt 0:00:23]} Ne5 {[%emt 0:00:39]} 27. Ne1 {[%emt 0:03:14]} Qg3 {[%emt 0:04:55]} 28. Kh1 {[%emt 0:01:35]} Rf6 {[%emt 0:07:44]} 29. Ra2 {[%emt 0:00:34]} Ng4 {[%emt 0:05:04]} 30. fxg4 {[%emt 0:02:46]} hxg4 {[%emt 0:01:20]} 31. Bd3 {[%emt 0:02:11]} Raf8 {[%emt 0:01:10]} 32. Nf3 {[%emt 0:01:39]} gxf3 {[%emt 0:00:28]} 33. Qxf3 {[%emt 0:00:42]} Rh6+ {[%emt 0:00:13]} 0-1

[Event "Paracin Open 2020"]
[Site "Paracin"]
[Date "2020.07.03"]
[Round "1.11"]
[White "Abramovic, Bosko"]
[Black "Djordjevic, Miroslav"]
[Result "1-0"]
[WhiteElo "2351"]
[BlackElo "1889"]
[Annotator "ChessBase"]
[PlyCount "85"]
[EventDate "2020.07.03"]
[EventType "swiss"]
[EventCountry "SRB"]
[SourceTitle "playchess.com"]
[Source "ChessBase"]
[SourceQuality "1"]
[TimeControl "5400+30"]

1. c4 c6 2. Nc3 d5 3. cxd5 cxd5 4. d4 Nf6 5. Nf3 Nc6 6. Bf4 Qb6 7. Na4 Qa5+ 8. Bd2 Qd8 9. e3 e6 10. Bd3 Bd6 11. O-O O-O 12. Rc1 Qe7 13. Nc3 e5 14. dxe5 Nxe5 15. Nxe5 Bxe5 16. h3 Bd7 17. Qe2 a6 18. Rfd1 Bc6 19. Be1 Rfe8 20. Bc2 Rad8 21. Bb3 d4 22. exd4 Bxd4 23. Qxe7 Rxe7 24. Na4 Rdd7 25. Bc3 Bxc3 26. Rxd7 Nxd7 27. Nxc3 Nf6 28. Nd5 Nxd5 29. Bxd5 Rc7 30. f4 Kf8 31. Bxc6 bxc6 32. Kf2 Ke7 33. Ke3 Kd6 34. Rc4 Rb7 35. b3 Rb5 36. Rd4+ Kc7 37. Kd3 Rc5 38. Re4 Kd7 39. Rc4 Ra5 40. a4 Rd5+ 41. Rd4 a5 42. Rxd5+ cxd5 43. Kc3 1-0